1507 1970 1435 1235 1478 1960 1568 1248 1072 1144 1324 1240 1382 1040 1705 1481 1772 1225 1961 1227 1736 1076 1821 1535 1185 1734 1625 1069 1989 1118 1600 1905 1050 1578 1591 1449 1994 1629 1849 1707 1842 1543 1415 1473 1722 1097 1190 1693 1132 1251 1076 1048 1224 1883 1841 1107 1030 1149 1262 1850 1212 1305 1950 1644 1268 1804 1595 1414 1529 1893 1887 1052 1651 1363 1823 1897 1160 1438 1200 1191 1976 1814 1847 1390 1525 1746 1283 1328 2000 1848 1905 1857 1947 1175 1376 1617 1361 1923 1659 BCNSPRNW ULIB Ver.6.0+V

เปลี่ยนเป็นภาษาไทย

Change to English
 แสดงรายละเอียดบรรณานุกรม
  กลับหน้าหลัก

Brief Record : Get Marc (ISO 2709) : E-mail record : QR code < ปิดหน้าต่าง
LEADER : 00000nam 2200000uu 4500
001    13399123700
003     ULIB
008    020711s2552 th a 000 0 tha d
020    9786110600651
090    นว.^bป444ร
100    ปราณธร
245    ร้ายเท่ารัก/^cปราณธร
250    พิมพ์ครั้งที่ 2
260    กรุงเทพฯ :^bแจ่มใส,^c2552
300    350 หน้า
945    ^p219^l0^i026022
999    ^aทศพร
รายการนี้ยังไม่มีแท็ก
คุณยังไม่ได้ล็อกอิน คุณสามารถมีกิจกรรมร่วมกับเว็บไซต์ได้ แต่ต้องล็อกอินก่อน ::
  ล็อกอิน

รายการสื่อสารสนเทศ

ลำดับที่ ประเภท เลขเรียก/บาร์โค้ด สถานที่ สถานะ
1. นวนิยาย
นวนิยาย
นว. ป444ร ฉ.1 
  Barcode: 026022
ห้องสมุดวิทยาเขตสวรรค์ประชารักษ์
►นวนิยาย
บนชั้น
  ขอยืม

รายการใกล้เคียง
    ผู้แต่ง [ปราณธร]

BibComment


ยังไม่เคยถูกคอมเมนท์

คอมเมนท์ทรัพยากรรายการนี้
  คอมเมนท์: ร้ายเท่ารัก ปราณธร


 Copyright 2026. Bcnsprnw @Library